Coffee and biodiversity a producer - country perspective (Registro nro. 12963)

Detalles MARC
000 -CABECERA
Campo de control 005500000a22001930004500
090 ## - CLASIFICACIÓN LOCAL
Colección AR
Consecutivo 03929
041 0# - IDIOMA
Código de idioma para texto/pista de sonido o título separado
100 1# - ASIENTO PRINCIPAL--NOMBRE PERSONAL
Nombre personal Botero, Jorge E.
245 10 - MENCION DE TITULO
Título Coffee and biodiversity a producer - country perspective
500 ## - NOTA GENERAL
Nota general <Colección Recursos Genéticos>
650 14 - ASIENTO SECUNDARIO DE MATERIA - TERMINO TEMATICO
Término temático o nombre geográfico como elemento de entrada Agroecología
650 14 - ASIENTO SECUNDARIO DE MATERIA - TERMINO TEMATICO
Término temático o nombre geográfico como elemento de entrada Cultivo de café
650 14 - ASIENTO SECUNDARIO DE MATERIA - TERMINO TEMATICO
Término temático o nombre geográfico como elemento de entrada Aves
650 14 - ASIENTO SECUNDARIO DE MATERIA - TERMINO TEMATICO
Término temático o nombre geográfico como elemento de entrada Incentivos a la biodiversidad
651 #4 - ASIENTO SECUNDARIO DE MATERIA - NOMBRE GEOGRAFICO
-- Colombia
700 1# - ASIENTO SECUNDARIO - NOMBRE PERSONAL
Nombre personal Sker, P. S.
773 1# - Item fuente:
Título Preprint
Paginas del Articulo 1-9
Lugar, editorial y fecha de publicación 2001
942 ## - ELEMENTOS ADICIONALES (KOHA)
Tipo de ítem Artículo
Existencias
Withdrawn status Lost status Damaged status No para préstamo Colección Ubicación Permanente Ubicación actual Fecha de adquisición Datos de publicación Seriada Total Checkouts Número topográfico Inventario / Código de Barras Date last seen Price effective from Forma de adquisición Tipo de material
      No para Préstamo Hemeroteca Bogotá Bogotá 27/02/2015 Fuera de circulación   AR 03929 017483 25/03/2015 25/03/2015   Artículo